000 00687nam a22002417a 4500
001 74822
003 BD-RjUL
005 20211209082617.0
008 181209s1972 ii a|||| |||| 001 0 eng d
020 _a0876920105
035 _a(BD-RjUL)75040
040 _aBD-RjUL
_beng
_cBD-RjUL
041 _aeng
082 _223
_a632.30954
_bRAD 1972
100 _aRangaswami, G.
_9115910
245 _aDiseases of crop plants in India /
_cG. Rangaswami
260 _aNew Delhi :
_bPrentice-Hall of India,
_cc1972
300 _avi, 504 p. :
_bill. ;
_c24 cm.
504 _aIncludes index
650 _aPlant diseases
_zIndia.
_9115911
650 _aPlant diseases.
_9115288
942 _2ddc
_cBK
999 _c74822
_d74822